000 00582nam a2200217Ia 4500
003 OSt
005 20220923225316.0
006 a|||||r|||| 00| 0
007 ta
008 220922b |||||||| |||| 00| 0 pan d
024 _a262,819
037 _cTextual
040 _aARTS
_cARTS
_bpan
041 _2pan
_apan
082 _aO153,3xN, Q1
100 _aਹਰਿਭਜਨ ਸਿੰਘ, ਥਦ.
245 0 _aਕਥਾ ਕਹਾਣੀ
260 _c2011
942 _hO153,3xN, Q1
_cTEXL
_2CC
999 _c377462
_d377462